Регионална библиотека "Любен Каравелов" - Русе

Кратка история на времето (Запис номер 22817)

MARC детайли
000 -Лидер
Контролно поле с фиксирана дължина 02150nam a2200433 c 4500
003 - Код на организацията, давaща контролен номер
Контролно поле BLK
005 - Дата и час на последна редакция
Контролно поле 20240917170313.0
008 - Елементи от данни с фиксирана дължина
fixed length control field 180413b bul|||||r ||||||| ||bul||
010 ## - Наследен системен номер
LC control number KNG00025264000
020 ## - Международен стандартен номер на книга ISBN
Международен стандартен номер на книга ISBN 978-954-655-163-4
-- издат.: Бард
040 ## - Източник на каталожния запис
Идентификатор на билиотеката - собственик на записа BLK
041 ## - Код за език
Код за езика на текст/звукозапис или на отделно заглавие Български
Код за езика КДБФ Български
072 #7 - Код за тематичната категория
Код организация bullib
Код за тематична категория Н50
Текст Естествени науки. Математика и др. Н
080 ## - УДК
Текстов определител УДК Звезди и звездни системи. Вселена - Космически лъчи, междузвездно пространство, Галактика, Млечен път, космология, извънгалактически системи
УДК код - определител по УДК 524
УДК определител
УДК - код + определител 524
100 1# - Редна дума - Автор
Автор Хокинг, Стивън Уилям
Авторска отговорност първи автор
R(LIN) 364189
139 ## - Редно поле
Редна дума Хокинг, Стивън Уилям
Авторски знак Хок - Х 59
245 10 - Сведения за заглавието
Заглавие Кратка история на времето
Подзаглавни данни От големия взрив до черните дупки
Редно поле (дума) Стивън Уилям Хокинг; прев. Иван Златарски.
257 ## - Страна на издаване
Страна на създаване/издаване Великобритания
260 ## - Област на издателските данни
-- София
Име на издателя, разпространителя и проч. Бард
Година на издаване 2010
300 ## - Физическа характеристика
Страници 288 с.
Размери/Мащаб 21 см
380 ## - Жанр
Жанр Естествени науки. Математика
500 ## - Общи забележки
Забележка Ориг. загл. A Brief History of Time / Stephen W. Hawking. - 1. изд. 1993 на изд. Наука и изкуство. - Офс. изд. - Терминол. речник ; Азб. показалец.
650 #4 - Допълнително описание по предмет – тема
Основно описание – тема или топоним Вселена
9 (RLIN) 151275
650 #4 - Допълнително описание по предмет – тема
Основно описание – тема или топоним Космология
9 (RLIN) 159537
650 #4 - Допълнително описание по предмет – тема
Основно описание – тема или топоним Време (физика)
9 (RLIN) 266712
650 #4 - Допълнително описание по предмет – тема
Основно описание – тема или топоним Живот - произход и еволюция
9 (RLIN) 255182
653 ## - Ключова дума – ненормативна
Ключова дума Вселена
653 ## - Ключова дума – ненормативна
Ключова дума космология
653 ## - Ключова дума – ненормативна
Ключова дума време
653 ## - Ключова дума – ненормативна
Ключова дума произход на живота
659 ## - Тематичен бюлетин
Тематичен бюлетин Н
700 1# - Други автори (авторска отговорност)
Лично име Златарски, Иван Василев
Дати, свързани с автора 1948-
Друга информация Преводач от английски език (художествена литература), инженер
9 (RLIN) 242826
852 ## - Местоположение
Форматна сигнатура Цб 251483
856 4# - Електронен адрес и достъп
Електронен формат pdf - файл
Път до файла /url/
856 4# - Електронен адрес и достъп
Електронен формат pdf - файл
Път до файла /url/
942 ## - АРТИКУЛИ
Вид на библиотечния материал Книги
Скрит в OPAC Не
Koha issues (borrowed), all copies 34
944 ## - СЪЗДАВАНЕ И РЕДАКЦИЯ на ЗАПИСА
Създаване/Редакция Създаване
Дата на регистрацията/редакция 12.04.2011
Статус, дата на статуса Минев Младен
Служител, извършил регистрацията/редакцията 30530
944 ## - СЪЗДАВАНЕ И РЕДАКЦИЯ на ЗАПИСА
Създаване/Редакция Редакция
Дата на регистрацията/редакция 20.01.2012
Статус, дата на статуса ф /
Служител, извършил регистрацията/редакцията
999 ## - СИСТЕМНИ КОНТРОЛНИ НОМЕРА
Koha biblionumber 22817
Koha biblioitemnumber 22817
Наличности
Код за отписване Код за изгубен артикул Източник на класификационната схема Код за повреда Коз за рестрикции Код за отдаване Артикулен № Име на библиотеката - собственик Име на библиотеката, в която се намира в момента Статус (Текущо местоположение) Дата на вписване в системата Местоположение - отдел Цена в лева Инвентарен номер Систематично азбучна сигнатура Баркод Номер на екземпляра Цена в евро Служебна бележка Служебен тип на артикула
  Не е изгубен Universal Decimal Classification Не е повреден без рестрикции заемане за дома 37613 Регионална библиотека "Любен Каравелов" Русе Регионална библиотека "Любен Каравелов" Русе Заемна - подръчен фонд 2011-04-08 Заемна - подръчен фонд 16.99 120000750359 П 524/Х 59 120000750359 1 8.69 Дост: Pk Вид: Ф N: 127 Дата: 01.04.2011 Дата инв: 02.02.2018 Бележки инв: П2018 Книги
  Не е изгубен   Не е повреден без рестрикции ползва се в читалня 37614 Регионална библиотека "Любен Каравелов" Русе Регионална библиотека "Любен Каравелов" Русе Хранилище 2011-09-15 Хранилище 16.99 120000752987 Цб 251483 120000752987 2 8.69 Дост: Dp Вид: Д N: 8 Дата: 21.02.2011 Книги
  Не е изгубен Universal Decimal Classification Не е повреден без рестрикции заемане за дома 751873 Регионална библиотека "Любен Каравелов" Русе Регионална библиотека "Любен Каравелов" Русе Заемна - подръчен фонд 2019-12-12 Заемна - подръчен фонд 13.59   П 524/Х 59 120000839939   6.95   Книги
Vip Innovations Ltd, Rousse, Bulgaria 2025